{"text_format":"3","workbook":"xlsx","n_sheets":17,"sheets":["部门财务收支预算总表01-1","部门收入预算表01-2","部门支出预算表01-3","部门财政拨款收支预算总表02-1","一般公共预算支出预算表02-2","一般公共预算“三公”经费支出预算表03","部门基本支出预算表04","部门项目支出预算表05-1","部门项目支出绩效目标表05-2","部门政府性基金预算表06","部门政府采购预算表07","部门政府购买服务预算表08","省对下转移支付预算表09-1","省对下转移支付绩效目标表09-2","新增资产配置表10","中央转移支付补助项目支出预算表11","部门项目支出中期规划预算表12"],"read":"whole","date_system":"1900"}

{"sheet":"部门财务收支预算总表01-1","index":0,"n_rows":21,"n_cols":4,"rows_kept":21,"merged":[[1,0,1,3],[2,0,2,1],[3,0,3,1],[3,2,3,3],[4,0,5,0],[4,1,5,1],[4,2,5,2],[4,3,5,3]]}
[{"$nulls":3},"预算01-1表"]
["2026年部门财务收支预算总表"]
[{"$f":"\"单位名称：\"&\"云南省水文水资源局临沧分局\"","v":"单位名称：云南省水文水资源局临沧分局"},null,null,"单位：元"]
["收        入",null,"支        出"]
["项      目","预算数","项目（按功能分类）","预算数"]
[]
["一、一般公共预算拨款收入",{"v":16310746.19,"d":"16,310,746.19"},{"$f":"\"一\"&\"、\"&\"社会保障和就业支出\"","v":"一、社会保障和就业支出"},{"v":1457500.1,"d":"1,457,500.10"}]
["二、政府性基金预算拨款收入",null,{"$f":"\"二\"&\"、\"&\"卫生健康支出\"","v":"二、卫生健康支出"},{"v":952245.46,"d":"952,245.46"}]
["三、国有资本经营预算拨款收入",null,{"$f":"\"三\"&\"、\"&\"农林水支出\"","v":"三、农林水支出"},{"v":14381272.05,"d":"14,381,272.05"}]
["四、财政专户管理资金收入",null,{"$f":"\"四\"&\"、\"&\"住房保障支出\"","v":"四、住房保障支出"},{"v":1019728.58,"d":"1,019,728.58"}]
["五、单位资金",{"v":1000000,"d":"1,000,000.00"}]
["1、事业收入"]
["2、事业单位经营收入"]
["3、上级补助收入"]
["4、附属单位上缴收入"]
["5、其他收入",{"v":1000000,"d":"1,000,000.00"}]
["本年收入合计",{"v":17310746.19,"d":"17,310,746.19"},"本年支出合计",{"v":17810746.19,"d":"17,810,746.19"}]
["上年结转结余",{"v":500000,"d":"500,000.00"},"年终结转结余"]
["1、财政拨款结转结余",null,"1、财政拨款结转结余"]
["2、非财政拨款结余",{"v":500000,"d":"500,000.00"},"2、非财政拨款结余"]
["收  入  总  计",{"v":17810746.19,"d":"17,810,746.19"},"支 出 总 计",{"v":17810746.19,"d":"17,810,746.19"}]

{"sheet":"部门收入预算表01-2","index":1,"n_rows":9,"n_cols":19,"rows_kept":9,"merged":[[0,17,0,18],[1,0,1,18],[2,0,2,3],[2,17,2,18],[3,0,5,0],[3,1,5,1],[3,2,5,2],[3,3,3,13],[3,14,3,18],[4,3,5,3],[4,4,5,4],[4,5,5,5],[4,6,5,6],[4,7,5,7],[4,8,4,13],[4,14,5,14],[4,15,5,15],[4,16,5,16],[4,17,5,17],[4,18,5,18]]}
[{"$nulls":17},"预算01-2表"]
["2026年部门收入预算表"]
[{"$f":"\"单位名称：\"&\"云南省水文水资源局临沧分局\"","v":"单位名称：云南省水文水资源局临沧分局"},{"$nulls":16},"单位：元"]
["部门（单位）代码","部门（单位）名称","合计","本年收入",{"$nulls":10},"上年结转结余"]
[{"$nulls":3},"小计","一般公共预算","政府性基金预算","国有资本经营预算","财政专户管理资金","单位资金收入",null,"事业单位经营收入","上级补助收入","附属单位上缴收入","其他收入","小计","一般公共预算","政府性基金预算","国有资本经营预算","非财政拨款结余"]
[{"$nulls":8},"小计","事业收入","事业单位经营收入","上级补助收入","附属单位上缴收入","其他收入"]
[1,2,3,4,5,6,7,8,9,10,11,12,13,14,15,16,17,18,19]
["126010011","云南省水文水资源局临沧分局",{"v":17810746.19,"d":"17,810,746.19"},{"v":17310746.19,"d":"17,310,746.19"},{"v":16310746.19,"d":"16,310,746.19"},{"$nulls":3},{"v":1000000,"d":"1,000,000.00"},{"$nulls":4},{"v":1000000,"d":"1,000,000.00"},{"v":500000,"d":"500,000.00"},{"$nulls":3},{"v":500000,"d":"500,000.00"}]
["合计",null,{"v":17810746.19,"d":"17,810,746.19"},{"v":17310746.19,"d":"17,310,746.19"},{"v":16310746.19,"d":"16,310,746.19"},{"$nulls":3},{"v":1000000,"d":"1,000,000.00"},{"$nulls":4},{"v":1000000,"d":"1,000,000.00"},{"v":500000,"d":"500,000.00"},{"$nulls":3},{"v":500000,"d":"500,000.00"}]

{"sheet":"部门支出预算表01-3","index":2,"n_rows":25,"n_cols":15,"rows_kept":25,"merged":[[1,0,1,14],[2,0,2,11],[3,0,4,0],[3,1,4,1],[3,2,4,2],[3,3,3,5],[3,6,4,6],[3,7,4,7],[3,8,4,8],[3,9,3,14],[24,0,24,1]]}
[{"$nulls":14},"预算01-3表"]
["2026年部门支出预算表"]
[{"$f":"\"单位名称：\"&\"云南省水文水资源局临沧分局\"","v":"单位名称：云南省水文水资源局临沧分局"},{"$nulls":13},"单位：元"]
["科目编码","科目名称","合计","一般公共预算",null,null,"政府性基金预算","国有资本经营预算","财政专户管理的支出","单位资金","事业支出","事业单位\n经营支出","上级补助支出","附属单位补助支出","其他支出"]
[{"$nulls":3},"小计","基本支出","项目支出",{"$nulls":3},"小计","事业支出","事业单位\n经营支出","上级补助支出","附属单位补助支出","其他支出"]
[1,2,3,4,5,6,7,8,9,10,11,12,13,14,15]
["208","社会保障和就业支出",{"v":1457500.1,"d":"1,457,500.10"},{"v":1457500.1,"d":"1,457,500.10"},{"v":1457500.1,"d":"1,457,500.10"}]
["20805","行政事业单位养老支出",{"v":1386775.06,"d":"1,386,775.06"},{"v":1386775.06,"d":"1,386,775.06"},{"v":1386775.06,"d":"1,386,775.06"}]
["2080502","事业单位离退休",{"v":17820,"d":"17,820.00"},{"v":17820,"d":"17,820.00"},{"v":17820,"d":"17,820.00"}]
["2080505","机关事业单位基本养老保险缴费支出",{"v":1368955.06,"d":"1,368,955.06"},{"v":1368955.06,"d":"1,368,955.06"},{"v":1368955.06,"d":"1,368,955.06"}]
["20899","其他社会保障和就业支出",{"v":70725.04,"d":"70,725.04"},{"v":70725.04,"d":"70,725.04"},{"v":70725.04,"d":"70,725.04"}]
["2089999","其他社会保障和就业支出",{"v":70725.04,"d":"70,725.04"},{"v":70725.04,"d":"70,725.04"},{"v":70725.04,"d":"70,725.04"}]
["210","卫生健康支出",{"v":952245.46,"d":"952,245.46"},{"v":952245.46,"d":"952,245.46"},{"v":952245.46,"d":"952,245.46"}]
["21011","行政事业单位医疗",{"v":952245.46,"d":"952,245.46"},{"v":952245.46,"d":"952,245.46"},{"v":952245.46,"d":"952,245.46"}]
["2101102","事业单位医疗",{"v":607473.81,"d":"607,473.81"},{"v":607473.81,"d":"607,473.81"},{"v":607473.81,"d":"607,473.81"}]
["2101103","公务员医疗补助",{"v":321310.45,"d":"321,310.45"},{"v":321310.45,"d":"321,310.45"},{"v":321310.45,"d":"321,310.45"}]
["2101199","其他行政事业单位医疗支出",{"v":23461.2,"d":"23,461.20"},{"v":23461.2,"d":"23,461.20"},{"v":23461.2,"d":"23,461.20"}]
["213","农林水支出",{"v":14381272.05,"d":"14,381,272.05"},{"v":12881272.05,"d":"12,881,272.05"},{"v":10675172.05,"d":"10,675,172.05"},{"v":2206100,"d":"2,206,100.00"},{"$nulls":3},{"v":1500000,"d":"1,500,000.00"},{"$nulls":4},{"v":1500000,"d":"1,500,000.00"}]
["21303","水利",{"v":14381272.05,"d":"14,381,272.05"},{"v":12881272.05,"d":"12,881,272.05"},{"v":10675172.05,"d":"10,675,172.05"},{"v":2206100,"d":"2,206,100.00"},{"$nulls":3},{"v":1500000,"d":"1,500,000.00"},{"$nulls":4},{"v":1500000,"d":"1,500,000.00"}]
["2130311","水资源节约管理与保护",{"v":407000,"d":"407,000.00"},{"v":407000,"d":"407,000.00"},null,{"v":407000,"d":"407,000.00"}]
["2130313","水文测报",{"v":13974272.05,"d":"13,974,272.05"},{"v":12474272.05,"d":"12,474,272.05"},{"v":10675172.05,"d":"10,675,172.05"},{"v":1799100,"d":"1,799,100.00"},{"$nulls":3},{"v":1500000,"d":"1,500,000.00"},{"$nulls":4},{"v":1500000,"d":"1,500,000.00"}]
["221","住房保障支出",{"v":1019728.58,"d":"1,019,728.58"},{"v":1019728.58,"d":"1,019,728.58"},{"v":1019728.58,"d":"1,019,728.58"}]
["22102","住房改革支出",{"v":1019728.58,"d":"1,019,728.58"},{"v":1019728.58,"d":"1,019,728.58"},{"v":1019728.58,"d":"1,019,728.58"}]
["2210201","住房公积金",{"v":1019728.58,"d":"1,019,728.58"},{"v":1019728.58,"d":"1,019,728.58"},{"v":1019728.58,"d":"1,019,728.58"}]
["合  计","合  计",{"v":17810746.19,"d":"17,810,746.19"},{"v":16310746.19,"d":"16,310,746.19"},{"v":14104646.19,"d":"14,104,646.19"},{"v":2206100,"d":"2,206,100.00"},{"$nulls":3},{"v":1500000,"d":"1,500,000.00"},{"$nulls":4},{"v":1500000,"d":"1,500,000.00"}]

{"sheet":"部门财政拨款收支预算总表02-1","index":3,"n_rows":16,"n_cols":4,"rows_kept":16,"merged":[[1,0,1,3],[2,0,2,1],[3,0,3,1],[3,2,3,3],[4,0,5,0],[4,1,5,1],[4,2,5,2],[4,3,5,3]]}
[{"$nulls":3},"预算02-1表"]
["2026年财政拨款收支预算总表"]
[{"$f":"\"单位名称：\"&\"云南省水文水资源局临沧分局\"","v":"单位名称：云南省水文水资源局临沧分局"},null,null,"单位：元"]
["收        入",null,"支        出"]
["项      目","预算数","支出功能分类科目","预算数"]
[]
["一、本年收入",{"v":16310746.19,"d":"16,310,746.19"},"一、本年支出",{"v":16310746.19,"d":"16,310,746.19"}]
["（一）一般公共预算拨款",{"v":16310746.19,"d":"16,310,746.19"},{"$f":"\"（一）\"&\"社会保障和就业支出\"","v":"（一）社会保障和就业支出"},{"v":1457500.1,"d":"1,457,500.10"}]
["（二）政府性基金预算拨款",null,{"$f":"\"（二）\"&\"卫生健康支出\"","v":"（二）卫生健康支出"},{"v":952245.46,"d":"952,245.46"}]
["（三）国有资本经营预算拨款",null,{"$f":"\"（三）\"&\"农林水支出\"","v":"（三）农林水支出"},{"v":12881272.05,"d":"12,881,272.05"}]
["二、上年结转",null,{"$f":"\"（四）\"&\"住房保障支出\"","v":"（四）住房保障支出"},{"v":1019728.58,"d":"1,019,728.58"}]
["（一）一般公共预算拨款"]
["（二）政府性基金预算拨款"]
["（三）国有资本经营预算拨款"]
[null,null,"二、年终结转结余"]
["收 入 总 计",{"v":16310746.19,"d":"16,310,746.19"},"支 出 总 计",{"v":16310746.19,"d":"16,310,746.19"}]

{"sheet":"一般公共预算支出预算表02-2","index":4,"n_rows":25,"n_cols":7,"rows_kept":25,"merged":[[1,0,1,6],[2,0,2,4],[3,0,3,1],[3,2,4,2],[3,3,3,5],[3,6,4,6],[24,0,24,1]]}
[{"$nulls":6},"预算02-2表"]
["2026年一般公共预算支出预算表（按功能科目分类）"]
[{"$f":"\"单位名称：\"&\"云南省水文水资源局临沧分局\"","v":"单位名称：云南省水文水资源局临沧分局"},{"$nulls":5},"单位:元"]
["部门预算支出功能分类科目",null,"合计","基本支出",null,null,"项目支出"]
["科目编码","科目名称",null,"小计","人员经费","公用经费"]
["1","2","3",null,"4","5","6"]
["208","社会保障和就业支出",{"v":1457500.1,"d":"1,457,500.10"},{"v":1457500.1,"d":"1,457,500.10"},{"v":1439680.1,"d":"1,439,680.10"},{"v":17820,"d":"17,820.00"}]
["20805","行政事业单位养老支出",{"v":1386775.06,"d":"1,386,775.06"},{"v":1386775.06,"d":"1,386,775.06"},{"v":1368955.06,"d":"1,368,955.06"},{"v":17820,"d":"17,820.00"}]
["2080502","事业单位离退休",{"v":17820,"d":"17,820.00"},{"v":17820,"d":"17,820.00"},null,{"v":17820,"d":"17,820.00"}]
["2080505","机关事业单位基本养老保险缴费支出",{"v":1368955.06,"d":"1,368,955.06"},{"v":1368955.06,"d":"1,368,955.06"},{"v":1368955.06,"d":"1,368,955.06"}]
["20899","其他社会保障和就业支出",{"v":70725.04,"d":"70,725.04"},{"v":70725.04,"d":"70,725.04"},{"v":70725.04,"d":"70,725.04"}]
["2089999","其他社会保障和就业支出",{"v":70725.04,"d":"70,725.04"},{"v":70725.04,"d":"70,725.04"},{"v":70725.04,"d":"70,725.04"}]
["210","卫生健康支出",{"v":952245.46,"d":"952,245.46"},{"v":952245.46,"d":"952,245.46"},{"v":952245.46,"d":"952,245.46"}]
["21011","行政事业单位医疗",{"v":952245.46,"d":"952,245.46"},{"v":952245.46,"d":"952,245.46"},{"v":952245.46,"d":"952,245.46"}]
["2101102","事业单位医疗",{"v":607473.81,"d":"607,473.81"},{"v":607473.81,"d":"607,473.81"},{"v":607473.81,"d":"607,473.81"}]
["2101103","公务员医疗补助",{"v":321310.45,"d":"321,310.45"},{"v":321310.45,"d":"321,310.45"},{"v":321310.45,"d":"321,310.45"}]
["2101199","其他行政事业单位医疗支出",{"v":23461.2,"d":"23,461.20"},{"v":23461.2,"d":"23,461.20"},{"v":23461.2,"d":"23,461.20"}]
["213","农林水支出",{"v":12881272.05,"d":"12,881,272.05"},{"v":10675172.05,"d":"10,675,172.05"},{"v":9812793.2,"d":"9,812,793.20"},{"v":862378.85,"d":"862,378.85"},{"v":2206100,"d":"2,206,100.00"}]
["21303","水利",{"v":12881272.05,"d":"12,881,272.05"},{"v":10675172.05,"d":"10,675,172.05"},{"v":9812793.2,"d":"9,812,793.20"},{"v":862378.85,"d":"862,378.85"},{"v":2206100,"d":"2,206,100.00"}]
["2130311","水资源节约管理与保护",{"v":407000,"d":"407,000.00"},{"$nulls":3},{"v":407000,"d":"407,000.00"}]
["2130313","水文测报",{"v":12474272.05,"d":"12,474,272.05"},{"v":10675172.05,"d":"10,675,172.05"},{"v":9812793.2,"d":"9,812,793.20"},{"v":862378.85,"d":"862,378.85"},{"v":1799100,"d":"1,799,100.00"}]
["221","住房保障支出",{"v":1019728.58,"d":"1,019,728.58"},{"v":1019728.58,"d":"1,019,728.58"},{"v":1019728.58,"d":"1,019,728.58"}]
["22102","住房改革支出",{"v":1019728.58,"d":"1,019,728.58"},{"v":1019728.58,"d":"1,019,728.58"},{"v":1019728.58,"d":"1,019,728.58"}]
["2210201","住房公积金",{"v":1019728.58,"d":"1,019,728.58"},{"v":1019728.58,"d":"1,019,728.58"},{"v":1019728.58,"d":"1,019,728.58"}]
["合  计","合  计",{"v":16310746.19,"d":"16,310,746.19"},{"v":14104646.19,"d":"14,104,646.19"},{"v":13224447.34,"d":"13,224,447.34"},{"v":880198.85,"d":"880,198.85"},{"v":2206100,"d":"2,206,100.00"}]

{"sheet":"一般公共预算“三公”经费支出预算表03","index":5,"n_rows":7,"n_cols":6,"rows_kept":7,"merged":[[1,0,1,5],[2,0,2,3],[3,0,4,0],[3,1,4,1],[3,2,3,4],[3,5,4,5]]}
[{"$nulls":5},"预算03表"]
["2026年一般公共预算“三公”经费支出预算表"]
[{"$f":"\"单位名称：\"&\"云南省水文水资源局临沧分局\"","v":"单位名称：云南省水文水资源局临沧分局"},{"$nulls":4},"单位：元"]
["“三公”经费合计","因公出国（境）费","公务用车购置及运行费",null,null,"公务接待费"]
[null,null,"小计","公务用车购置费","公务用车运行费"]
[1,2,3,4,5,6]
[{"v":89000,"d":"89,000.00"},null,{"v":89000,"d":"89,000.00"},null,{"v":89000,"d":"89,000.00"}]

{"sheet":"部门基本支出预算表04","index":6,"n_rows":38,"n_cols":23,"rows_kept":38,"merged":[[1,0,1,22],[2,0,2,6],[3,0,6,0],[3,1,6,1],[3,2,6,2],[3,3,6,3],[3,4,6,4],[3,5,6,5],[3,6,6,6],[3,7,3,22],[4,7,6,7],[4,8,4,12],[4,13,4,15],[4,16,6,16],[4,17,4,22],[5,8,6,8],[5,9,6,9],[5,10,6,10],[5,11,6,11],[5,12,6,12],[5,13,6,13],[5,14,6,14],[5,15,6,15],[5,17,6,17],[5,18,6,18],[5,19,6,19],[5,20,6,20],[5,21,6,21],[5,22,6,22],[37,0,37,6]]}
[{"$nulls":22},"预算04表"]
["2026年部门基本支出预算表"]
[{"$f":"\"单位名称：\"&\"云南省水文水资源局临沧分局\"","v":"单位名称：云南省水文水资源局临沧分局"},{"$nulls":21},"单位：元"]
["单位名称","项目代码","项目名称","功能科目编码","功能科目名称","经济科目编码","经济科目名称","资金来源"]
[{"$nulls":7},"合计","一般公共预算",{"$nulls":4},"财政拨款结转结余",null,null,"财政专户管理资金","单位资金"]
[{"$nulls":8},"全年数","已提前安排","抵扣上年垫付资金","本次下达","另文下达","一般公共预算","政府性基金预算","国有资本经营预算",null,"小计","事业收入","事业单位\n经营收入","上级补助收入","附属单位上缴收入","其他收入"]
[]
[1,2,3,4,5,6,7,8,9,10,11,12,13,14,15,16,17,18,19,20,21,22,23]
["云南省水文水资源局临沧分局",{"$nulls":6},{"v":14607446.19,"d":"14,607,446.19"},{"v":14104646.19,"d":"14,104,646.19"},{"v":3499007.46,"d":"3,499,007.46"},null,{"v":10605638.73,"d":"10,605,638.73"},{"$nulls":5},{"v":502800,"d":"502,800.00"},{"$nulls":4},{"v":502800,"d":"502,800.00"}]
["云南省水文水资源局临沧分局","530000210000000042568","事业人员支出工资","2130313","水文测报","30101","基本工资",{"v":4233768,"d":"4,233,768.00"},{"v":4233768,"d":"4,233,768.00"},{"v":1058442,"d":"1,058,442.00"},null,{"v":3175326,"d":"3,175,326.00"}]
["云南省水文水资源局临沧分局","530000210000000042568","事业人员支出工资","2130313","水文测报","30102","津贴补贴",{"v":737220,"d":"737,220.00"},{"v":737220,"d":"737,220.00"},{"v":184305,"d":"184,305.00"},null,{"v":552915,"d":"552,915.00"}]
["云南省水文水资源局临沧分局","530000210000000042568","事业人员支出工资","2130313","水文测报","30103","奖金",{"v":452814,"d":"452,814.00"},{"v":352814,"d":"352,814.00"},{"v":88203.5,"d":"88,203.50"},null,{"v":264610.5,"d":"264,610.50"},{"$nulls":5},{"v":100000,"d":"100,000.00"},{"$nulls":4},{"v":100000,"d":"100,000.00"}]
["云南省水文水资源局临沧分局","530000210000000042568","事业人员支出工资","2130313","水文测报","30107","绩效工资",{"v":4460040,"d":"4,460,040.00"},{"v":4460040,"d":"4,460,040.00"},{"v":1115010,"d":"1,115,010.00"},null,{"v":3345030,"d":"3,345,030.00"}]
["云南省水文水资源局临沧分局","530000210000000042569","社会保障缴费","2080505","机关事业单位基本养老保险缴费支出","30108","机关事业单位基本养老保险缴费",{"v":1368955.06,"d":"1,368,955.06"},{"v":1368955.06,"d":"1,368,955.06"},{"v":342238.77,"d":"342,238.77"},null,{"v":1026716.29,"d":"1,026,716.29"}]
["云南省水文水资源局临沧分局","530000210000000042569","社会保障缴费","2089999","其他社会保障和就业支出","30112","其他社会保障缴费",{"v":70725.04,"d":"70,725.04"},{"v":70725.04,"d":"70,725.04"},{"v":17681.27,"d":"17,681.27"},null,{"v":53043.77,"d":"53,043.77"}]
["云南省水文水资源局临沧分局","530000210000000042569","社会保障缴费","2101102","事业单位医疗","30110","职工基本医疗保险缴费",{"v":607473.81,"d":"607,473.81"},{"v":607473.81,"d":"607,473.81"},{"v":151868.45,"d":"151,868.45"},null,{"v":455605.36,"d":"455,605.36"}]
["云南省水文水资源局临沧分局","530000210000000042569","社会保障缴费","2101103","公务员医疗补助","30111","公务员医疗补助缴费",{"v":321310.45,"d":"321,310.45"},{"v":321310.45,"d":"321,310.45"},{"v":80327.61,"d":"80,327.61"},null,{"v":240982.84,"d":"240,982.84"}]
["云南省水文水资源局临沧分局","530000210000000042569","社会保障缴费","2101199","其他行政事业单位医疗支出","30112","其他社会保障缴费",{"v":23461.2,"d":"23,461.20"},{"v":23461.2,"d":"23,461.20"},{"v":23461.2,"d":"23,461.20"}]
["云南省水文水资源局临沧分局","530000210000000042571","住房公积金","2210201","住房公积金","30113","住房公积金",{"v":1019728.58,"d":"1,019,728.58"},{"v":1019728.58,"d":"1,019,728.58"},{"v":254932.15,"d":"254,932.15"},null,{"v":764796.43,"d":"764,796.43"}]
["云南省水文水资源局临沧分局","530000210000000042572","对个人和家庭的补助","2130313","水文测报","30305","生活补助",{"v":28951.2,"d":"28,951.20"},{"v":28951.2,"d":"28,951.20"},{"v":7237.8,"d":"7,237.80"},null,{"v":21713.4,"d":"21,713.40"}]
["云南省水文水资源局临沧分局","530000210000000042574","公车购置及运维费","2130313","水文测报","30231","公务用车运行维护费",{"v":89000,"d":"89,000.00"},{"v":89000,"d":"89,000.00"},null,null,{"v":89000,"d":"89,000.00"}]
["云南省水文水资源局临沧分局","530000210000000042578","工会经费","2130313","水文测报","30228","工会经费",{"v":195676.84,"d":"195,676.84"},{"v":195676.84,"d":"195,676.84"},{"v":48919.21,"d":"48,919.21"},null,{"v":146757.63,"d":"146,757.63"}]
["云南省水文水资源局临沧分局","530000210000000042579","一般公用经费","2080502","事业单位离退休","30299","其他商品和服务支出",{"v":17820,"d":"17,820.00"},{"v":17820,"d":"17,820.00"},{"v":4455,"d":"4,455.00"},null,{"v":13365,"d":"13,365.00"}]
["云南省水文水资源局临沧分局","530000210000000042579","一般公用经费","2130313","水文测报","30201","办公费",{"v":75000,"d":"75,000.00"},{"v":75000,"d":"75,000.00"},{"v":18750,"d":"18,750.00"},null,{"v":56250,"d":"56,250.00"}]
["云南省水文水资源局临沧分局","530000210000000042579","一般公用经费","2130313","水文测报","30202","印刷费",{"v":50000,"d":"50,000.00"},{"v":20000,"d":"20,000.00"},null,null,{"v":20000,"d":"20,000.00"},{"$nulls":5},{"v":30000,"d":"30,000.00"},{"$nulls":4},{"v":30000,"d":"30,000.00"}]
["云南省水文水资源局临沧分局","530000210000000042579","一般公用经费","2130313","水文测报","30204","手续费",{"v":1000,"d":"1,000.00"},{"v":1000,"d":"1,000.00"},{"v":250,"d":"250.00"},null,{"v":750,"d":"750.00"}]
["云南省水文水资源局临沧分局","530000210000000042579","一般公用经费","2130313","水文测报","30205","水费",{"v":6000,"d":"6,000.00"},{"v":6000,"d":"6,000.00"},{"v":1500,"d":"1,500.00"},null,{"v":4500,"d":"4,500.00"}]
["云南省水文水资源局临沧分局","530000210000000042579","一般公用经费","2130313","水文测报","30206","电费",{"v":15000,"d":"15,000.00"},{"v":5000,"d":"5,000.00"},{"v":1250,"d":"1,250.00"},null,{"v":3750,"d":"3,750.00"},{"$nulls":5},{"v":10000,"d":"10,000.00"},{"$nulls":4},{"v":10000,"d":"10,000.00"}]
["云南省水文水资源局临沧分局","530000210000000042579","一般公用经费","2130313","水文测报","30207","邮电费",{"v":81565.49,"d":"81,565.49"},{"v":31165.49,"d":"31,165.49"},{"v":7791.37,"d":"7,791.37"},null,{"v":23374.12,"d":"23,374.12"},{"$nulls":5},{"v":50400,"d":"50,400.00"},{"$nulls":4},{"v":50400,"d":"50,400.00"}]
["云南省水文水资源局临沧分局","530000210000000042579","一般公用经费","2130313","水文测报","30209","物业管理费",{"v":110000,"d":"110,000.00"},{"v":70000,"d":"70,000.00"},null,null,{"v":70000,"d":"70,000.00"},{"$nulls":5},{"v":40000,"d":"40,000.00"},{"$nulls":4},{"v":40000,"d":"40,000.00"}]
["云南省水文水资源局临沧分局","530000210000000042579","一般公用经费","2130313","水文测报","30211","差旅费",{"v":130400,"d":"130,400.00"},{"v":80000,"d":"80,000.00"},{"v":20000,"d":"20,000.00"},null,{"v":60000,"d":"60,000.00"},{"$nulls":5},{"v":50400,"d":"50,400.00"},{"$nulls":4},{"v":50400,"d":"50,400.00"}]
["云南省水文水资源局临沧分局","530000210000000042579","一般公用经费","2130313","水文测报","30213","维修（护）费",{"v":26759.68,"d":"26,759.68"},{"v":26759.68,"d":"26,759.68"},{"v":6689.92,"d":"6,689.92"},null,{"v":20069.76,"d":"20,069.76"}]
["云南省水文水资源局临沧分局","530000210000000042579","一般公用经费","2130313","水文测报","30214","租赁费",{"v":21600,"d":"21,600.00"},{"v":21600,"d":"21,600.00"},{"v":5400,"d":"5,400.00"},null,{"v":16200,"d":"16,200.00"}]
["云南省水文水资源局临沧分局","530000210000000042579","一般公用经费","2130313","水文测报","30216","培训费",{"v":5000,"d":"5,000.00"},{"v":5000,"d":"5,000.00"},{"v":1250,"d":"1,250.00"},null,{"v":3750,"d":"3,750.00"}]
["云南省水文水资源局临沧分局","530000210000000042579","一般公用经费","2130313","水文测报","30239","其他交通费用",{"v":50000,"d":"50,000.00"},{"$nulls":9},{"v":50000,"d":"50,000.00"},{"$nulls":4},{"v":50000,"d":"50,000.00"}]
["云南省水文水资源局临沧分局","530000210000000042579","一般公用经费","2130313","水文测报","30240","税金及附加费用",{"v":22000,"d":"22,000.00"},{"$nulls":9},{"v":22000,"d":"22,000.00"},{"$nulls":4},{"v":22000,"d":"22,000.00"}]
["云南省水文水资源局临沧分局","530000210000000042579","一般公用经费","2130313","水文测报","30299","其他商品和服务支出",{"v":386176.84,"d":"386,176.84"},{"v":236176.84,"d":"236,176.84"},{"v":59044.21,"d":"59,044.21"},null,{"v":177132.63,"d":"177,132.63"},{"$nulls":5},{"v":150000,"d":"150,000.00"},{"$nulls":4},{"v":150000,"d":"150,000.00"}]
["合  计",{"$nulls":6},{"v":14607446.19,"d":"14,607,446.19"},{"v":14104646.19,"d":"14,104,646.19"},{"v":3499007.46,"d":"3,499,007.46"},null,{"v":10605638.73,"d":"10,605,638.73"},{"$nulls":5},{"v":502800,"d":"502,800.00"},{"$nulls":4},{"v":502800,"d":"502,800.00"}]

{"sheet":"部门项目支出预算表05-1","index":7,"n_rows":31,"n_cols":23,"rows_kept":31,"merged":[[1,0,1,22],[2,0,2,8],[3,0,5,0],[3,1,5,1],[3,2,5,2],[3,3,5,3],[3,4,5,4],[3,5,5,5],[3,6,5,6],[3,7,5,7],[3,8,5,8],[3,9,3,12],[3,13,3,15],[3,16,5,16],[3,17,3,22],[4,9,4,10],[4,11,5,11],[4,12,5,12],[4,13,5,13],[4,14,5,14],[4,15,5,15],[4,17,5,17],[4,18,5,18],[4,19,5,19],[4,20,5,20],[4,21,5,21],[4,22,5,22],[30,0,30,7]]}
[{"$nulls":22},"预算05-1表"]
["2026年部门项目支出预算表"]
[{"$f":"\"单位名称：\"&\"云南省水文水资源局临沧分局\"","v":"单位名称：云南省水文水资源局临沧分局"},"单位名称：云南省水文水资源局临沧分局",{"$nulls":20},"单位：元"]
["项目分类","项目代码","项目名称","项目单位","功能科目编码","功能科目名称","经济科目编码","经济科目名称","合计","本年拨款",{"$nulls":3},"财政拨款结转结余",null,null,"财政专户管理资金","单位资金"]
[{"$nulls":9},"一般公共预算",null,"政府性基金预算","国有资本经营预算","一般公共预算","政府性基金预算","国有资本经营预算",null,"小计","事业收入","事业单位\n经营收入","上级补助收入","附属单位上缴收入","其他收入"]
[{"$nulls":9},"小计","其中：本次下达"]
[1,2,3,4,5,6,7,8,9,10,11,12,13,14,15,16,17,18,19,20,21,22,23]
[null,null,"其他人员支出",{"$nulls":5},{"v":322200,"d":"322,200.00"},{"v":322200,"d":"322,200.00"},{"v":322200,"d":"322,200.00"}]
["民生类","530000231100001111648","其他人员支出","云南省水文水资源局临沧分局","2130313","水文测报","30199","其他工资福利支出",{"v":322200,"d":"322,200.00"},{"v":322200,"d":"322,200.00"},{"v":322200,"d":"322,200.00"}]
[null,null,"水文水资源服务支出经费",{"$nulls":5},{"v":2881100,"d":"2,881,100.00"},{"v":1883900,"d":"1,883,900.00"},{"$nulls":7},{"v":997200,"d":"997,200.00"},{"$nulls":4},{"v":997200,"d":"997,200.00"}]
["其他运转类","530000251100003229194","水文水资源服务支出经费","云南省水文水资源局临沧分局","2130311","水资源节约管理与保护","30207","邮电费",{"v":4080,"d":"4,080.00"},{"v":4080,"d":"4,080.00"}]
["其他运转类","530000251100003229194","水文水资源服务支出经费","云南省水文水资源局临沧分局","2130311","水资源节约管理与保护","30211","差旅费",{"v":197460,"d":"197,460.00"},{"v":197460,"d":"197,460.00"}]
["其他运转类","530000251100003229194","水文水资源服务支出经费","云南省水文水资源局临沧分局","2130311","水资源节约管理与保护","30213","维修（护）费",{"v":98320,"d":"98,320.00"},{"v":98320,"d":"98,320.00"}]
["其他运转类","530000251100003229194","水文水资源服务支出经费","云南省水文水资源局临沧分局","2130311","水资源节约管理与保护","30218","专用材料费",{"v":52140,"d":"52,140.00"},{"v":52140,"d":"52,140.00"}]
["其他运转类","530000251100003229194","水文水资源服务支出经费","云南省水文水资源局临沧分局","2130311","水资源节约管理与保护","31003","专用设备购置",{"v":55000,"d":"55,000.00"},{"v":55000,"d":"55,000.00"}]
["其他运转类","530000251100003229194","水文水资源服务支出经费","云南省水文水资源局临沧分局","2130313","水文测报","30201","办公费",{"v":53480,"d":"53,480.00"},{"v":53480,"d":"53,480.00"}]
["其他运转类","530000251100003229194","水文水资源服务支出经费","云南省水文水资源局临沧分局","2130313","水文测报","30202","印刷费",{"v":60000,"d":"60,000.00"},{"v":60000,"d":"60,000.00"}]
["其他运转类","530000251100003229194","水文水资源服务支出经费","云南省水文水资源局临沧分局","2130313","水文测报","30207","邮电费",{"v":208200,"d":"208,200.00"},{"v":149000,"d":"149,000.00"},{"$nulls":7},{"v":59200,"d":"59,200.00"},{"$nulls":4},{"v":59200,"d":"59,200.00"}]
["其他运转类","530000251100003229194","水文水资源服务支出经费","云南省水文水资源局临沧分局","2130313","水文测报","30211","差旅费",{"v":410940,"d":"410,940.00"},{"v":340860,"d":"340,860.00"},{"$nulls":7},{"v":70080,"d":"70,080.00"},{"$nulls":4},{"v":70080,"d":"70,080.00"}]
["其他运转类","530000251100003229194","水文水资源服务支出经费","云南省水文水资源局临沧分局","2130313","水文测报","30213","维修（护）费",{"v":459887,"d":"459,887.00"},{"v":228887,"d":"228,887.00"},{"$nulls":7},{"v":231000,"d":"231,000.00"},{"$nulls":4},{"v":231000,"d":"231,000.00"}]
["其他运转类","530000251100003229194","水文水资源服务支出经费","云南省水文水资源局临沧分局","2130313","水文测报","30216","培训费",{"v":11000,"d":"11,000.00"},{"v":11000,"d":"11,000.00"}]
["其他运转类","530000251100003229194","水文水资源服务支出经费","云南省水文水资源局临沧分局","2130313","水文测报","30218","专用材料费",{"v":295660,"d":"295,660.00"},{"v":122333,"d":"122,333.00"},{"$nulls":7},{"v":173327,"d":"173,327.00"},{"$nulls":4},{"v":173327,"d":"173,327.00"}]
["其他运转类","530000251100003229194","水文水资源服务支出经费","云南省水文水资源局临沧分局","2130313","水文测报","30226","劳务费",{"v":50800,"d":"50,800.00"},{"v":40800,"d":"40,800.00"},{"$nulls":7},{"v":10000,"d":"10,000.00"},{"$nulls":4},{"v":10000,"d":"10,000.00"}]
["其他运转类","530000251100003229194","水文水资源服务支出经费","云南省水文水资源局临沧分局","2130313","水文测报","30227","委托业务费",{"v":313833,"d":"313,833.00"},{"v":122240,"d":"122,240.00"},{"$nulls":7},{"v":191593,"d":"191,593.00"},{"$nulls":4},{"v":191593,"d":"191,593.00"}]
["其他运转类","530000251100003229194","水文水资源服务支出经费","云南省水文水资源局临沧分局","2130313","水文测报","30239","其他交通费用",{"v":230000,"d":"230,000.00"},{"v":200000,"d":"200,000.00"},{"$nulls":7},{"v":30000,"d":"30,000.00"},{"$nulls":4},{"v":30000,"d":"30,000.00"}]
["其他运转类","530000251100003229194","水文水资源服务支出经费","云南省水文水资源局临沧分局","2130313","水文测报","30240","税金及附加费用",{"v":16000,"d":"16,000.00"},{"v":16000,"d":"16,000.00"}]
["其他运转类","530000251100003229194","水文水资源服务支出经费","云南省水文水资源局临沧分局","2130313","水文测报","30299","其他商品和服务支出",{"v":62000,"d":"62,000.00"},{"v":22000,"d":"22,000.00"},{"$nulls":7},{"v":40000,"d":"40,000.00"},{"$nulls":4},{"v":40000,"d":"40,000.00"}]
["其他运转类","530000251100003229194","水文水资源服务支出经费","云南省水文水资源局临沧分局","2130313","水文测报","31002","办公设备购置",{"v":49300,"d":"49,300.00"},{"v":42300,"d":"42,300.00"},{"$nulls":7},{"v":7000,"d":"7,000.00"},{"$nulls":4},{"v":7000,"d":"7,000.00"}]
["其他运转类","530000251100003229194","水文水资源服务支出经费","云南省水文水资源局临沧分局","2130313","水文测报","31003","专用设备购置",{"v":203000,"d":"203,000.00"},{"v":18000,"d":"18,000.00"},{"$nulls":7},{"v":185000,"d":"185,000.00"},{"$nulls":4},{"v":185000,"d":"185,000.00"}]
["其他运转类","530000251100003229194","水文水资源服务支出经费","云南省水文水资源局临沧分局","2130313","水文测报","31007","信息网络及软件购置更新",{"v":50000,"d":"50,000.00"},{"v":50000,"d":"50,000.00"}]
["合  计",{"$nulls":7},{"v":3203300,"d":"3,203,300.00"},{"v":2206100,"d":"2,206,100.00"},{"v":322200,"d":"322,200.00"},{"$nulls":6},{"v":997200,"d":"997,200.00"},{"$nulls":4},{"v":997200,"d":"997,200.00"}]

{"sheet":"部门项目支出绩效目标表05-2","index":8,"n_rows":21,"n_cols":10,"rows_kept":21,"merged":[[1,0,1,9],[2,0,2,7],[6,0,8,0],[6,1,8,1],[9,0,20,0],[9,1,20,1]]}
[{"$nulls":9},"预算05-2表"]
["2026年部门项目支出绩效目标表"]
[{"$f":"\"单位名称：\"&\"云南省水文水资源局临沧分局\"","v":"单位名称：云南省水文水资源局临沧分局"}]
["单位名称、项目名称","项目年度绩效目标","一级指标","二级指标","三级指标","指标性质","指标值","度量单位","指标属性","指标内容"]
[1,2,3,4,5,6,7,8,9,10]
["云南省水文水资源局临沧分局"]
["其他人员支出","1.遵守分局各项规章制度，服从单位工作安排。\n2.对出入的非单位人员、车辆进行登记，每天对分局办公楼、大院进行巡查，排查相关安全隐患。\n3.对车辆停放进行疏导。\n4.保障2026年分局后勤工作顺利开展。\n","产出指标","数量指标","编外人员工资发放人数",">=","12","人","定量指标","反映部门（单位）实际发放编外人员数量。工资福利包括：工资、社会保险等。"]
["其他人员支出","1.遵守分局各项规章制度，服从单位工作安排。\n2.对出入的非单位人员、车辆进行登记，每天对分局办公楼、大院进行巡查，排查相关安全隐患。\n3.对车辆停放进行疏导。\n4.保障2026年分局后勤工作顺利开展。\n","效益指标","社会效益","单位运行保障率","=","100","%","定量指标","反映编外人员全年工作保障情况及后勤保障作用。"]
["其他人员支出","1.遵守分局各项规章制度，服从单位工作安排。\n2.对出入的非单位人员、车辆进行登记，每天对分局办公楼、大院进行巡查，排查相关安全隐患。\n3.对车辆停放进行疏导。\n4.保障2026年分局后勤工作顺利开展。\n","满意度指标","服务对象满意度","服务对象满意度",">=","90","%","定量指标","反映服务对象对水文服务工作满意情况。"]
["水文水资源服务支出经费","1.完成全市21个水文站、12个水位站、235个雨量站的监测任务，保障完成全市水文监测工作和监测数据达到工作任务要求。\n2.完成全市国家重点水质站、国家一般水质站、常规水质站、省级河长制站、水生生物站等21个水质监测站点，134测次水质监测任务，做好水资源质量监测、分析、评价等工作任务，保障水环境监测分中心正常运行。\n3.完成水情报汛工作，保障汛期监测站点信息到报率达95%以上，水情预报预警服务报送率达85%以上，河道洪（枯）水预警发布率100%。\n4.及时按照上级部署及规范要求收集整编汇编水文数据，保障水文年鉴汇编刊印资料合格率达100%。\n5.保障部门正常运转，及时向各级水行政主管部门、流域机构及各相关部门上报监测数据，为市政府部门科学组织防汛抗旱、水资源调度决策、防灾减灾服务，为水环境的污染控制和治理提供科学依据，为水资源管理、保护及开发利用提供科学依据，为水利工程建设、水资源开发利用、科学研究和国民经济建设提供技术支撑。","产出指标","数量指标","完成监测任务水文站数量","=","21","个","定量指标","反映全市21个水文站监测任务完成情况。"]
["水文水资源服务支出经费","1.完成全市21个水文站、12个水位站、235个雨量站的监测任务，保障完成全市水文监测工作和监测数据达到工作任务要求。\n2.完成全市国家重点水质站、国家一般水质站、常规水质站、省级河长制站、水生生物站等21个水质监测站点，134测次水质监测任务，做好水资源质量监测、分析、评价等工作任务，保障水环境监测分中心正常运行。\n3.完成水情报汛工作，保障汛期监测站点信息到报率达95%以上，水情预报预警服务报送率达85%以上，河道洪（枯）水预警发布率100%，\n4.及时按照上级部署及规范要求收集整编汇编水文数据，保障水文年鉴汇编刊印资料合格率达100%。\n5.保障部门正常运转，及时向各级水行政主管部门、流域机构及各相关部门上报监测数据，为市政府部门科学组织防汛抗旱、水资源调度决策、防灾减灾服务，为水环境的污染控制和治理提供科学依据，为水资源管理、保护及开发利用提供科学依据，为水利工程建设、水资源开发利用、科学研究和国民经济建设提供技术支撑。","产出指标","数量指标","完成监测任务的水位站数量","=","12","个","定量指标","反映全市12个水位站监测任务的完成情况。\n"]
["水文水资源服务支出经费","1.完成全市21个水文站、12个水位站、235个雨量站的监测任务，保障完成全市水文监测工作和监测数据达到工作任务要求。\n2.完成全市国家重点水质站、国家一般水质站、常规水质站、省级河长制站、水生生物站等21个水质监测站点，134测次水质监测任务，做好水资源质量监测、分析、评价等工作任务，保障水环境监测分中心正常运行。\n3.完成水情报汛工作，保障汛期监测站点信息到报率达95%以上，水情预报预警服务报送率达85%以上，河道洪（枯）水预警发布率100%，\n4.及时按照上级部署及规范要求收集整编汇编水文数据，保障水文年鉴汇编刊印资料合格率达100%。\n5.保障部门正常运转，及时向各级水行政主管部门、流域机构及各相关部门上报监测数据，为市政府部门科学组织防汛抗旱、水资源调度决策、防灾减灾服务，为水环境的污染控制和治理提供科学依据，为水资源管理、保护及开发利用提供科学依据，为水利工程建设、水资源开发利用、科学研究和国民经济建设提供技术支撑。","产出指标","数量指标","完成监测任务的雨量站数量","=","235","个","定量指标","反映全市235个雨量站监测任务的完成情况。"]
["水文水资源服务支出经费","1.完成全市21个水文站、12个水位站、235个雨量站的监测任务，保障完成全市水文监测工作和监测数据达到工作任务要求。\n2.完成全市国家重点水质站、国家一般水质站、常规水质站、省级河长制站、水生生物站等21个水质监测站点，134测次水质监测任务，做好水资源质量监测、分析、评价等工作任务，保障水环境监测分中心正常运行。\n3.完成水情报汛工作，保障汛期监测站点信息到报率达95%以上，水情预报预警服务报送率达85%以上，河道洪（枯）水预警发布率100%，\n4.及时按照上级部署及规范要求收集整编汇编水文数据，保障水文年鉴汇编刊印资料合格率达100%。\n5.保障部门正常运转，及时向各级水行政主管部门、流域机构及各相关部门上报监测数据，为市政府部门科学组织防汛抗旱、水资源调度决策、防灾减灾服务，为水环境的污染控制和治理提供科学依据，为水资源管理、保护及开发利用提供科学依据，为水利工程建设、水资源开发利用、科学研究和国民经济建设提供技术支撑。","产出指标","数量指标","完成水质监测站点数量","=","21","个","定量指标","反映全市21个水质监测站点监测完成情况。"]
["水文水资源服务支出经费","1.完成全市21个水文站、12个水位站、235个雨量站的监测任务，保障完成全市水文监测工作和监测数据达到工作任务要求。\n2.完成全市国家重点水质站、国家一般水质站、常规水质站、省级河长制站、水生生物站等21个水质监测站点，134测次水质监测任务，做好水资源质量监测、分析、评价等工作任务，保障水环境监测分中心正常运行。\n3.完成水情报汛工作，保障汛期监测站点信息到报率达95%以上，水情预报预警服务报送率达85%以上，河道洪（枯）水预警发布率100%，\n4.及时按照上级部署及规范要求收集整编汇编水文数据，保障水文年鉴汇编刊印资料合格率达100%。\n5.保障部门正常运转，及时向各级水行政主管部门、流域机构及各相关部门上报监测数据，为市政府部门科学组织防汛抗旱、水资源调度决策、防灾减灾服务，为水环境的污染控制和治理提供科学依据，为水资源管理、保护及开发利用提供科学依据，为水利工程建设、水资源开发利用、科学研究和国民经济建设提供技术支撑。","产出指标","数量指标","完成水质监测测次总数","=","134","测次","定量指标","反映水质监测测次完成情况。"]
["水文水资源服务支出经费","1.完成全市21个水文站、12个水位站、235个雨量站的监测任务，保障完成全市水文监测工作和监测数据达到工作任务要求。\n2.完成全市国家重点水质站、国家一般水质站、常规水质站、省级河长制站、水生生物站等21个水质监测站点，134测次水质监测任务，做好水资源质量监测、分析、评价等工作任务，保障水环境监测分中心正常运行。\n3.完成水情报汛工作，保障汛期监测站点信息到报率达95%以上，水情预报预警服务报送率达85%以上，河道洪（枯）水预警发布率100%，\n4.及时按照上级部署及规范要求收集整编汇编水文数据，保障水文年鉴汇编刊印资料合格率达100%。\n5.保障部门正常运转，及时向各级水行政主管部门、流域机构及各相关部门上报监测数据，为市政府部门科学组织防汛抗旱、水资源调度决策、防灾减灾服务，为水环境的污染控制和治理提供科学依据，为水资源管理、保护及开发利用提供科学依据，为水利工程建设、水资源开发利用、科学研究和国民经济建设提供技术支撑。","产出指标","数量指标","水环境监测分中心正常运行数量","=","1.0","个","定量指标","反映临沧水环境监测分中心正常运行情况。"]
["水文水资源服务支出经费","1.完成全市21个水文站、12个水位站、235个雨量站的监测任务，保障完成全市水文监测工作和监测数据达到工作任务要求。\n2.完成全市国家重点水质站、国家一般水质站、常规水质站、省级河长制站、水生生物站等21个水质监测站点，134测次水质监测任务，做好水资源质量监测、分析、评价等工作任务，保障水环境监测分中心正常运行。\n3.完成水情报汛工作，保障汛期监测站点信息到报率达95%以上，水情预报预警服务报送率达85%以上，河道洪（枯）水预警发布率100%，\n4.及时按照上级部署及规范要求收集整编汇编水文数据，保障水文年鉴汇编刊印资料合格率达100%。\n5.保障部门正常运转，及时向各级水行政主管部门、流域机构及各相关部门上报监测数据，为市政府部门科学组织防汛抗旱、水资源调度决策、防灾减灾服务，为水环境的污染控制和治理提供科学依据，为水资源管理、保护及开发利用提供科学依据，为水利工程建设、水资源开发利用、科学研究和国民经济建设提供技术支撑。","产出指标","质量指标","汛期监测站点信息到报率",">=","95","%","定量指标","反映汛期监测站点信息到报情况。\n"]
["水文水资源服务支出经费","1.完成全市21个水文站、12个水位站、235个雨量站的监测任务，保障完成全市水文监测工作和监测数据达到工作任务要求。\n2.完成全市国家重点水质站、国家一般水质站、常规水质站、省级河长制站、水生生物站等21个水质监测站点，134测次水质监测任务，做好水资源质量监测、分析、评价等工作任务，保障水环境监测分中心正常运行。\n3.完成水情报汛工作，保障汛期监测站点信息到报率达95%以上，水情预报预警服务报送率达85%以上，河道洪（枯）水预警发布率100%，\n4.及时按照上级部署及规范要求收集整编汇编水文数据，保障水文年鉴汇编刊印资料合格率达100%。\n5.保障部门正常运转，及时向各级水行政主管部门、流域机构及各相关部门上报监测数据，为市政府部门科学组织防汛抗旱、水资源调度决策、防灾减灾服务，为水环境的污染控制和治理提供科学依据，为水资源管理、保护及开发利用提供科学依据，为水利工程建设、水资源开发利用、科学研究和国民经济建设提供技术支撑。","产出指标","质量指标","水文年鉴汇编刊印资料合格率","=","100","%","定量指标","反映水文年鉴汇编刊印资料合格情况。"]
["水文水资源服务支出经费","1.完成全市21个水文站、12个水位站、235个雨量站的监测任务，保障完成全市水文监测工作和监测数据达到工作任务要求。\n2.完成全市国家重点水质站、国家一般水质站、常规水质站、省级河长制站、水生生物站等21个水质监测站点，134测次水质监测任务，做好水资源质量监测、分析、评价等工作任务，保障水环境监测分中心正常运行。\n3.完成水情报汛工作，保障汛期监测站点信息到报率达95%以上，水情预报预警服务报送率达85%以上，河道洪（枯）水预警发布率100%，\n4.及时按照上级部署及规范要求收集整编汇编水文数据，保障水文年鉴汇编刊印资料合格率达100%。\n5.保障部门正常运转，及时向各级水行政主管部门、流域机构及各相关部门上报监测数据，为市政府部门科学组织防汛抗旱、水资源调度决策、防灾减灾服务，为水环境的污染控制和治理提供科学依据，为水资源管理、保护及开发利用提供科学依据，为水利工程建设、水资源开发利用、科学研究和国民经济建设提供技术支撑。","产出指标","质量指标","河道洪（枯）水预警发布率","=","100","%","定量指标","反映河道洪（枯）水预警发布情况。\n"]
["水文水资源服务支出经费","1.完成全市21个水文站、12个水位站、235个雨量站的监测任务，保障完成全市水文监测工作和监测数据达到工作任务要求。\n2.完成全市国家重点水质站、国家一般水质站、常规水质站、省级河长制站、水生生物站等21个水质监测站点，134测次水质监测任务，做好水资源质量监测、分析、评价等工作任务，保障水环境监测分中心正常运行。\n3.完成水情报汛工作，保障汛期监测站点信息到报率达95%以上，水情预报预警服务报送率达85%以上，河道洪（枯）水预警发布率100%，\n4.及时按照上级部署及规范要求收集整编汇编水文数据，保障水文年鉴汇编刊印资料合格率达100%。\n5.保障部门正常运转，及时向各级水行政主管部门、流域机构及各相关部门上报监测数据，为市政府部门科学组织防汛抗旱、水资源调度决策、防灾减灾服务，为水环境的污染控制和治理提供科学依据，为水资源管理、保护及开发利用提供科学依据，为水利工程建设、水资源开发利用、科学研究和国民经济建设提供技术支撑。","产出指标","时效指标","水情预报预警服务报送及时率",">=","85","%","定量指标","反映水情预报预警服务及时报送情况。"]
["水文水资源服务支出经费","1.完成全市21个水文站、12个水位站、235个雨量站的监测任务，保障完成全市水文监测工作和监测数据达到工作任务要求。\n2.完成全市国家重点水质站、国家一般水质站、常规水质站、省级河长制站、水生生物站等21个水质监测站点，134测次水质监测任务，做好水资源质量监测、分析、评价等工作任务，保障水环境监测分中心正常运行。\n3.完成水情报汛工作，保障汛期监测站点信息到报率达95%以上，水情预报预警服务报送率达85%以上，河道洪（枯）水预警发布率100%，\n4.及时按照上级部署及规范要求收集整编汇编水文数据，保障水文年鉴汇编刊印资料合格率达100%。\n5.保障部门正常运转，及时向各级水行政主管部门、流域机构及各相关部门上报监测数据，为市政府部门科学组织防汛抗旱、水资源调度决策、防灾减灾服务，为水环境的污染控制和治理提供科学依据，为水资源管理、保护及开发利用提供科学依据，为水利工程建设、水资源开发利用、科学研究和国民经济建设提供技术支撑。","效益指标","社会效益","促进水文事业发展","=","有效促进",null,"定性指标","为社会提供水文勘测与测绘，水资源论证；水文资料审查、水文分析计算、水资源调查评价和规划、水文情报预报及分析评价工作、水环境监测、评价、水质化验。水文勘测、水质资料与成果的评价提供，水文水资源业务技术培训费、水文自动测报系统设计、调试、检定、安装及常规仪器维修；水文测验设备的设计、制造、改造、维修；专用水文站的设计、建设、运行、管理；水土保持方案编制、水土保持监测、水利工程设计、水平衡测试。"]
["水文水资源服务支出经费","1.完成全市21个水文站、12个水位站、235个雨量站的监测任务，保障完成全市水文监测工作和监测数据达到工作任务要求。\n2.完成全市国家重点水质站、国家一般水质站、常规水质站、省级河长制站、水生生物站等21个水质监测站点，134测次水质监测任务，做好水资源质量监测、分析、评价等工作任务，保障水环境监测分中心正常运行。\n3.完成水情报汛工作，保障汛期监测站点信息到报率达95%以上，水情预报预警服务报送率达85%以上，河道洪（枯）水预警发布率100%，\n4.及时按照上级部署及规范要求收集整编汇编水文数据，保障水文年鉴汇编刊印资料合格率达100%。\n5.保障部门正常运转，及时向各级水行政主管部门、流域机构及各相关部门上报监测数据，为市政府部门科学组织防汛抗旱、水资源调度决策、防灾减灾服务，为水环境的污染控制和治理提供科学依据，为水资源管理、保护及开发利用提供科学依据，为水利工程建设、水资源开发利用、科学研究和国民经济建设提供技术支撑。","满意度指标","服务对象满意度","服务对象满意度",">=","90","%","定量指标","该项目中的工作内容均属部门职责范畴，服务对象为上级主管部门，年度工作获得上级主管部门认可，基础管理人员的满意度。\n满意度=调查人数中整体满意/总调查人数×100%\n"]

{"sheet":"部门政府性基金预算表06","index":9,"n_rows":9,"n_cols":6,"rows_kept":9,"merged":[[1,0,1,5],[3,0,4,0],[3,1,4,1],[3,2,4,2],[3,3,3,5],[7,0,7,2]]}
[{"$nulls":5},"预算06表"]
["2026年政府性基金预算支出预算表"]
[{"$f":"\"单位名称：\"&\"云南省水文水资源局临沧分局\"","v":"单位名称：云南省水文水资源局临沧分局"},{"$nulls":4},"单位：元"]
["单位名称","科目编码","科目名称","政府性基金预算支出"]
[{"$nulls":3},"合计","基本支出","项目支出"]
[1,2,3,4,5,6]
[]
["合  计",null,"合  计"]
["备注：云南省水文水资源局临沧分局无政府性基金预算支出，故政府性基金预算支出预算表为空。"]

{"sheet":"部门政府采购预算表07","index":10,"n_rows":20,"n_cols":17,"rows_kept":20,"merged":[[1,0,1,16],[2,0,2,5],[3,0,5,0],[3,1,5,1],[3,2,5,2],[3,3,5,3],[3,4,5,4],[3,5,5,5],[3,6,3,16],[4,6,5,6],[4,7,5,7],[4,8,5,8],[4,9,5,9],[4,10,5,10],[4,11,4,16],[19,0,19,4]]}
[{"$nulls":16},"预算07表"]
["2026年部门政府采购预算表"]
[{"$f":"\"单位名称：\"&\"云南省水文水资源局临沧分局\"","v":"单位名称：云南省水文水资源局临沧分局"},{"$nulls":15},"单位：元"]
["预算项目","采购项目","采购品目","计量\n单位","数量","面向中小企业预留资金","资金来源"]
[{"$nulls":6},"合计","一般公共预算","政府性\n基金","国有资本经营收益","财政专户管理的收入","单位自筹"]
[{"$nulls":7},"小计",{"$nulls":3},"小计","事业收入","事业单位\n经营收入","上级补助收入","附属单位上缴收入","其他收入"]
[1,2,3,4,5,6,7,8,9,10,11,12,13,14,15,16,17]
["云南省水文水资源局临沧分局",{"$nulls":4},{"v":232000,"d":"232,000.00"},{"v":265000,"d":"265,000.00"},{"v":188000,"d":"188,000.00"},{"$nulls":3},{"v":77000,"d":"77,000.00"},{"$nulls":4},{"v":77000,"d":"77,000.00"}]
["公车购置及运维费","公车油费","C23120302 车辆加油、添加燃料服务","项",1,null,{"v":25000,"d":"25,000.00"},{"v":25000,"d":"25,000.00"}]
["公车购置及运维费","公车维修维护","C23120301 车辆维修和保养服务","项",1,{"v":15000,"d":"15,000.00"},{"v":15000,"d":"15,000.00"},{"v":15000,"d":"15,000.00"}]
["公车购置及运维费","公车维修维护","C23120301 车辆维修和保养服务","项",1,{"v":15000,"d":"15,000.00"},{"v":15000,"d":"15,000.00"},{"v":15000,"d":"15,000.00"}]
["公车购置及运维费","公车保险","C1804010201 机动车保险服务","项",1,null,{"v":8000,"d":"8,000.00"},{"v":8000,"d":"8,000.00"}]
["一般公用经费","复印纸","A05040101 复印纸","箱",50,{"v":8000,"d":"8,000.00"},{"v":8000,"d":"8,000.00"},{"v":8000,"d":"8,000.00"}]
["一般公用经费","资料印刷装订","C2309019999 其他印刷服务","项",1,{"v":30000,"d":"30,000.00"},{"v":30000,"d":"30,000.00"},{"$nulls":4},{"v":30000,"d":"30,000.00"},{"$nulls":4},{"v":30000,"d":"30,000.00"}]
["一般公用经费","资料印刷装订","C2309019999 其他印刷服务","项",1,{"v":12000,"d":"12,000.00"},{"v":12000,"d":"12,000.00"},{"v":12000,"d":"12,000.00"}]
["一般公用经费","物业管理服务","C21040001 物业管理服务","项",1,{"v":40000,"d":"40,000.00"},{"v":40000,"d":"40,000.00"},{"$nulls":4},{"v":40000,"d":"40,000.00"},{"$nulls":4},{"v":40000,"d":"40,000.00"}]
["一般公用经费","物业管理服务","C21040001 物业管理服务","项",1,{"v":45000,"d":"45,000.00"},{"v":45000,"d":"45,000.00"},{"v":45000,"d":"45,000.00"}]
["水文水资源服务支出经费","空调","A02061804 空调机","台",2,{"v":7000,"d":"7,000.00"},{"v":7000,"d":"7,000.00"},{"$nulls":4},{"v":7000,"d":"7,000.00"},{"$nulls":4},{"v":7000,"d":"7,000.00"}]
["水文水资源服务支出经费","资料印刷装订","C2309019999 其他印刷服务","项",1,{"v":60000,"d":"60,000.00"},{"v":60000,"d":"60,000.00"},{"v":60000,"d":"60,000.00"}]
["合  计",{"$nulls":4},{"v":232000,"d":"232,000.00"},{"v":265000,"d":"265,000.00"},{"v":188000,"d":"188,000.00"},{"$nulls":3},{"v":77000,"d":"77,000.00"},{"$nulls":4},{"v":77000,"d":"77,000.00"}]

{"sheet":"部门政府购买服务预算表08","index":11,"n_rows":11,"n_cols":14,"rows_kept":11,"merged":[[1,0,1,13],[2,0,2,2],[3,0,5,0],[3,1,5,1],[3,2,5,2],[3,3,3,13],[4,3,5,3],[4,4,5,4],[4,5,5,5],[4,6,5,6],[4,7,5,7],[4,8,4,13],[9,0,9,2]]}
[{"$nulls":13},"预算08表"]
["2026年部门政府购买服务预算表"]
[{"$f":"\"单位名称：\"&\"云南省水文水资源局临沧分局\"","v":"单位名称：云南省水文水资源局临沧分局"},{"$nulls":12},"单位：元"]
["预算项目","政府购买服务项目","政府购买服务目录","资金来源"]
[{"$nulls":3},"合计","一般公共预算","政府性\n基金","国有资本经营收益","财政专户管理的收入","单位自筹"]
[{"$nulls":8},"小计","事业收入","事业单位\n经营收入","上级补助收入","附属单位上缴收入","其他收入"]
[1,2,3,4,5,6,7,8,9,10,11,12,13,14]
[]
[]
["合  计"]
["备注：云南省水文水资源局临沧分局无政府购买服务，故部门政府购买服务预算表为空。"]

{"sheet":"省对下转移支付预算表09-1","index":12,"n_rows":9,"n_cols":24,"rows_kept":9,"merged":[[1,0,1,23],[2,0,2,8],[3,0,4,0],[3,1,3,3],[3,4,3,23]]}
[{"$nulls":23},"预算09-1表"]
["2026年省对下转移支付预算表"]
[{"$f":"\"单位名称：\"&\"云南省水文水资源局临沧分局\"","v":"单位名称：云南省水文水资源局临沧分局"},{"$nulls":22},"单位：元"]
["单位名称（项目）","资金来源",null,null,"地区"]
[null,"合计","一般公共预算","政府性基金","昆明","昭通","曲靖","玉溪","红河","文山","普洱","西双版纳","楚雄","大理","保山","德宏","丽江","怒江","迪庆","临沧","宣威","腾冲","镇雄","未分配到地区数"]
[1,2,3,4,5,6,7,8,9,10,11,12,13,14,15,16,17,18,19,20,21,22,23,24]
[]
[]
["备注：云南省水文水资源局临沧分局无省对下转移支付，故省对下转移支付预算表为空。"]

{"sheet":"省对下转移支付绩效目标表09-2","index":13,"n_rows":8,"n_cols":10,"rows_kept":8,"merged":[[1,0,1,9],[2,0,2,7]]}
[{"$nulls":9},"预算09-2表"]
["2026年省对下转移支付绩效目标表"]
[{"$f":"\"单位名称：\"&\"云南省水文水资源局临沧分局\"","v":"单位名称：云南省水文水资源局临沧分局"}]
["单位名称、项目名称","项目年度绩效目标","一级指标","二级指标","三级指标","指标性质","指标值","度量单位","指标属性","指标内容"]
[1,2,3,4,5,6,7,8,9,10]
[]
[]
["备注：云南省水文水资源局临沧分局无省对下转移支付，故省对下转移支付绩效目标表为空。"]

{"sheet":"新增资产配置表10","index":14,"n_rows":38,"n_cols":8,"rows_kept":38,"merged":[[1,0,1,7],[3,0,4,0],[3,1,4,1],[3,2,4,2],[3,3,4,3],[3,4,4,4],[3,5,3,7],[36,0,36,4],[37,0,37,7]]}
[{"$nulls":7},"预算10表"]
["2026年新增资产配置表"]
[{"$f":"\"单位名称：\"&\"云南省水文水资源局临沧分局\"","v":"单位名称：云南省水文水资源局临沧分局"}]
["单位名称","资产类别","资产分类代码.名称","资产名称","计量单位","财政部门批复数（元）"]
[{"$nulls":5},"数量","单价","金额"]
["1","2","3","4","5","6","7","8"]
["云南省水文水资源局临沧分局","设备","A02010104 服务器","服务器","台",1,{"v":100000,"d":"100,000.00"},{"v":100000,"d":"100,000.00"}]
["云南省水文水资源局临沧分局","设备","A02010106 移动工作站","移动工作站","台",4,{"v":12000,"d":"12,000.00"},{"v":48000,"d":"48,000.00"}]
["云南省水文水资源局临沧分局","设备","A02010107 图形工作站","图形工作站","台",4,{"v":11000,"d":"11,000.00"},{"v":44000,"d":"44,000.00"}]
["云南省水文水资源局临沧分局","设备","A02010202 交换设备","楼层交换机","个",4,{"v":4800,"d":"4,800.00"},{"v":19200,"d":"19,200.00"}]
["云南省水文水资源局临沧分局","设备","A02010210 集群控制器","集群控制器","个",1,{"v":3400,"d":"3,400.00"},{"v":3400,"d":"3,400.00"}]
["云南省水文水资源局临沧分局","设备","A02010601 机柜","机柜","个",4,{"v":3800,"d":"3,800.00"},{"v":15200,"d":"15,200.00"}]
["云南省水文水资源局临沧分局","设备","A02050499 其他锅炉","高压灭菌锅","个",3,{"v":6000,"d":"6,000.00"},{"v":18000,"d":"18,000.00"}]
["云南省水文水资源局临沧分局","设备","A02061509 交流电源","电源时序器","台",1,{"v":4500,"d":"4,500.00"},{"v":4500,"d":"4,500.00"}]
["云南省水文水资源局临沧分局","设备","A02061804 空调机","挂机空调","台",2,{"v":3500,"d":"3,500.00"},{"v":7000,"d":"7,000.00"}]
["云南省水文水资源局临沧分局","设备","A02080404 通信卫星配套设备","北三RDSS数传终端","个",2,{"v":5400,"d":"5,400.00"},{"v":10800,"d":"10,800.00"}]
["云南省水文水资源局临沧分局","设备","A02080409 卫星电话","卫星电话","台",1,{"v":12000,"d":"12,000.00"},{"v":12000,"d":"12,000.00"}]
["云南省水文水资源局临沧分局","设备","A02080409 卫星电话","卫星电话","台",2,{"v":12000,"d":"12,000.00"},{"v":24000,"d":"24,000.00"}]
["云南省水文水资源局临沧分局","设备","A02080803 视频会议会议室终端","高清视频终端","个",1,{"v":21700,"d":"21,700.00"},{"v":21700,"d":"21,700.00"}]
["云南省水文水资源局临沧分局","设备","A02081799 其他无线传输辅助设备","卫星通道专用信号传输设备","套",5,{"v":5500,"d":"5,500.00"},{"v":27500,"d":"27,500.00"}]
["云南省水文水资源局临沧分局","设备","A02081799 其他无线传输辅助设备","卫星通道专用信号传输设备","台",5,{"v":5500,"d":"5,500.00"},{"v":27500,"d":"27,500.00"}]
["云南省水文水资源局临沧分局","设备","A02090504 专业摄像机和信号源设备","超高清摄像机","个",1,{"v":4500,"d":"4,500.00"},{"v":4500,"d":"4,500.00"}]
["云南省水文水资源局临沧分局","设备","A02090504 专业摄像机和信号源设备","无线投屏器","台",1,{"v":3600,"d":"3,600.00"},{"v":3600,"d":"3,600.00"}]
["云南省水文水资源局临沧分局","设备","A02091107 视频监控设备","高清监控摄像机","套",30,{"v":4500,"d":"4,500.00"},{"v":135000,"d":"135,000.00"}]
["云南省水文水资源局临沧分局","设备","A02091206 话筒设备","话筒（1拖8）","套",1,{"v":8000,"d":"8,000.00"},{"v":8000,"d":"8,000.00"}]
["云南省水文水资源局临沧分局","设备","A02101800 水文仪器设备","ADCP RTKGPS定位装置","个",1,{"v":71000,"d":"71,000.00"},{"v":71000,"d":"71,000.00"}]
["云南省水文水资源局临沧分局","设备","A02101800 水文仪器设备","GNSS面雨量监测仪 ","台",3,{"v":158000,"d":"158,000.00"},{"v":474000,"d":"474,000.00"}]
["云南省水文水资源局临沧分局","设备","A02101800 水文仪器设备","玻璃钢水尺","套",3,{"v":2500,"d":"2,500.00"},{"v":7500,"d":"7,500.00"}]
["云南省水文水资源局临沧分局","设备","A02101800 水文仪器设备","雷达波水位计","套",1,{"v":55000,"d":"55,000.00"},{"v":55000,"d":"55,000.00"}]
["云南省水文水资源局临沧分局","设备","A02101800 水文仪器设备","雷达测速枪","台",1,{"v":55000,"d":"55,000.00"},{"v":55000,"d":"55,000.00"}]
["云南省水文水资源局临沧分局","设备","A02101800 水文仪器设备","雷达测速枪","台",3,{"v":55000,"d":"55,000.00"},{"v":165000,"d":"165,000.00"}]
["云南省水文水资源局临沧分局","设备","A02101800 水文仪器设备","水温、岸温自动监测设备","套",3,{"v":12000,"d":"12,000.00"},{"v":36000,"d":"36,000.00"}]
["云南省水文水资源局临沧分局","设备","A02101800 水文仪器设备","远程缆道测流控制系统设备（含绞车）","套",2,{"v":220000,"d":"220,000.00"},{"v":440000,"d":"440,000.00"}]
["云南省水文水资源局临沧分局","无形资产","A08060301 基础软件","工作站配套软件","套",8,{"v":2000,"d":"2,000.00"},{"v":16000,"d":"16,000.00"}]
["云南省水文水资源局临沧分局","无形资产","A08060303 应用软件","临沧市水文数字孪生业务底板管理系统","套",1,{"v":100000,"d":"100,000.00"},{"v":100000,"d":"100,000.00"}]
["云南省水文水资源局临沧分局","无形资产","A08060303 应用软件","新增档案管理模块","套",1,{"v":50000,"d":"50,000.00"},{"v":50000,"d":"50,000.00"}]
["合计",{"$nulls":4},100,null,{"v":2003400,"d":"2,003,400.00"}]
["注：涉及土地使用权、房屋、公务用车购置，按照现行相关管理制度规定报批，以职能部门审批意见为准。"]

{"sheet":"中央转移支付补助项目支出预算表11","index":15,"n_rows":11,"n_cols":11,"rows_kept":11,"merged":[[1,0,1,10],[2,0,2,6],[3,0,5,0],[3,1,5,1],[3,2,5,2],[3,3,5,3],[3,4,5,4],[3,5,5,5],[3,6,5,6],[3,7,5,7],[3,8,3,10],[4,8,5,8],[4,9,5,9],[4,10,5,10],[9,0,9,6]]}
[{"$nulls":10},"预算11表"]
["2026年中央转移支付补助项目支出预算表"]
[{"$f":"\"单位名称：\"&\"云南省水文水资源局临沧分局\"","v":"单位名称：云南省水文水资源局临沧分局"},{"$nulls":9},"单位：元"]
["项目分类","项目名称","项目单位","功能科目编码","功能科目名称","经济科目编码","经济科目名称","合计","上级补助"]
[{"$nulls":8},"一般公共预算","政府性基金预算","国有资本经营预算"]
[{"$nulls":8},"小计"]
[1,2,3,4,5,6,7,8,9,10,11]
[]
[]
["合  计"]
["备注：云南省水文水资源局临沧分局无中央转移支付补助项目支出，故中央转移支付补助项目支出预算表为空。"]

{"sheet":"部门项目支出中期规划预算表12","index":16,"n_rows":11,"n_cols":7,"rows_kept":11,"merged":[[1,0,1,6],[2,0,2,3],[3,0,5,0],[3,1,5,1],[3,2,5,2],[3,3,5,3],[3,4,3,6],[4,4,5,4],[4,5,5,5],[4,6,5,6],[10,0,10,3]]}
[{"$nulls":6},"预算12表"]
["2026年部门项目支出中期规划预算表"]
[{"$f":"\"单位名称：\"&\"云南省水文水资源局临沧分局\"","v":"单位名称：云南省水文水资源局临沧分局"},{"$nulls":5},"单位：元"]
["项目单位","项目分类","项目名称","项目级次","一般公共预算"]
[{"$nulls":4},"2026年","2027年","2028年"]
[{"$nulls":5},"小计"]
[1,2,3,4,5,6,7]
["云南省水文水资源局临沧分局",{"$nulls":3},{"v":2206100,"d":"2,206,100.00"},{"v":2206100,"d":"2,206,100.00"},{"v":2206100,"d":"2,206,100.00"}]
[null,"229 其他运转类","水文水资源服务支出经费","本级",{"v":1883900,"d":"1,883,900.00"},{"v":1883900,"d":"1,883,900.00"},{"v":1883900,"d":"1,883,900.00"}]
[null,"312 民生类","其他人员支出","本级",{"v":322200,"d":"322,200.00"},{"v":322200,"d":"322,200.00"},{"v":322200,"d":"322,200.00"}]
["合计","",null,null,{"v":2206100,"d":"2,206,100.00"},{"v":2206100,"d":"2,206,100.00"},{"v":2206100,"d":"2,206,100.00"}]